Zákazková výroba komplexne - súvisiace ustanovenia v postupoch účtovania

Špecifický výrobný proces pri výrobe, alebo vývoji nehmotného, alebo hmotného majetku na zákazku. Rôzne typy zákazkovej výroby v rôznych segmentoch výroby a vývoja. V druhej časti sa rozoberá výrobný proces v stavebnom odvetví, resp. v oblasti developerských aktivít, týkajúcich sa len nehnuteľností,...

ver descrição completa

Na minha lista:
Detalhes bibliográficos
Autor principal: Cvečková, Mária
Formato: Capítulo de Livro
Idioma:eslovaco
Assuntos:
Tags: Adicionar Tag
Sem tags, seja o primeiro a adicionar uma tag!

MARC

LEADER 00000naa a2200000 4500
001 0287820
005 20240417075214.4
041 0 |a slo 
044 |a SK 
245 1 0 |a Zákazková výroba komplexne - súvisiace ustanovenia v postupoch účtovania  |c Mária Cvečková 
520 |a Špecifický výrobný proces pri výrobe, alebo vývoji nehmotného, alebo hmotného majetku na zákazku. Rôzne typy zákazkovej výroby v rôznych segmentoch výroby a vývoja. V druhej časti sa rozoberá výrobný proces v stavebnom odvetví, resp. v oblasti developerských aktivít, týkajúcich sa len nehnuteľností, určených na predaj. 
610 2 0 |a výroba zákazková 
610 2 0 |a proces výrobný 
610 2 0 |a majetok 
610 2 0 |a majetok hmotný 
610 2 0 |a majetok nehmotný 
610 2 0 |a stavebníctvo 
610 2 0 |a výroba 
610 2 0 |a vývoj 
610 2 0 |a účtovníctvo 
610 2 0 |a účtovníci 
610 2 0 |a nehnuteľnosti 
610 2 0 |a predaj 
100 1 |a Cvečková, Mária